[Event "AUTO-OPEN-2793"]
[Site "http://www.queenalice.com/game.php?id=1177599"]
[Date "2013.5.2"]
[Round "2"]
[White "Pato"]
[Black "Ivanikov"]
[Result "1/2-1/2"]
[WhiteElo "2190"]
[BlackElo "1862"]

1. f4 d5 2. Nf3 Nf6 3. b3 g6 4. Bb2 Bg7 5. e3 O-O 6. Be2 c5 7. d3 Nc6 8. O-O Qc7
9. Qe1 Ng4 10. Bxg7 Kxg7 11. Bd1 e5 12. h3 Nf6 13. Qh4 e4 14. dxe4 dxe4 15. Ne1
Rd8 16. Nc3 Qa5 17. Na4 Rd2 18. c4 Qd8 19. Bc2 b6 20. Nc3 Nb4 21. Bxe4 Rb8 22.
Nf3 Nxe4 23. Qxd8 Rxd8 24. Nxe4 Bb7 25. Nf2 Nc2 26. Rad1 Nxe3 27. Rxd8 Rxd8 28.
Re1 Bxf3 29. Rxe3 Bc6 30. Nd3 f6 31. g4 Kf7 32. g5 Rd4 33. h4 Be4 34. Ne1 Bb1
35. Ng2 Bxa2 36. Kf2 Rd2+ 37. Kf3 Rb2 38. Rd3 Rxb3 39. Ke3 Rxd3+ 40. Kxd3 fxg5
41. fxg5 Bb1+ 42. Ke3 a6 43. Nf4 b5 44. cxb5 axb5 45. Nd5 b4 46. Kd2 Be4 47. Nf6
Bf5 48. Nd5 b3 49. Kc3 Ke6 50. Nf6 c4 51. Nxh7 Kd5 52. Nf6+ Kc5 53. h5 gxh5 54.
Nxh5 Kb5 55. Ng3 Bg6 56. Nf1 Ka4 57. Nd2 Bf7 58. g6 Bg8 59. g7 Kb5 60. Ne4 Ka4
61. Nd2 Kb5 62. Ne4 Ka4 1/2-1/2

[Event "AUTO-OPEN-2793"]
[Site "http://www.queenalice.com/game.php?id=1177600"]
[Date "2013.5.2"]
[Round "2"]
[White "Ivanikov"]
[Black "Pato"]
[Result "0-1"]
[WhiteElo "1872"]
[BlackElo "2165"]

1. Nf3 Nc6 2. c4 Nf6 3. Nc3 d5 4. cxd5 Nxd5 5. e4 Nb6 6. d4 Bg4 7. Bb5 a6 8.
Bxc6+ bxc6 9. h3 Bxf3 10. gxf3 e6 11. Rg1 g6 12. Bg5 f6 13. Be3 Bg7 14. b3 O-O
15. Qd2 Qd6 16. Bh6 Rad8 17. Bxg7 Kxg7 18. O-O-O c5 19. Ne2 c4 20. bxc4 Nxc4 21.
Qf4 Qa3+ 22. Kc2 Qxa2+ 23. Kd3 Qb3+ 24. Nc3 e5 25. d5 Nb2+ 0-1

[Event "AUTO-OPEN-2793"]
[Site "http://www.queenalice.com/game.php?id=1177607"]
[Date "2013.5.2"]
[Round "2"]
[White "Ivanikov"]
[Black "DORLISS"]
[Result "0-1"]
[WhiteElo "1868"]
[BlackElo "1590"]

1. Nf3 d5 2. c4 dxc4 3. Na3 Bg4 4. Ne5 Bf5 5. Nexc4 Nc6 6. e3 e5 7. Nb5 Nf6 8.
Be2 a6 9. Nc3 Bb4 10. O-O O-O 11. a3 Bxc3 12. bxc3 Qd7 13. d4 exd4 14. exd4 Ne4
15. Bb2 Rfe8 16. Re1 Qe6 17. d5 Qg6 18. dxc6 Bh3 19. g3 bxc6 20. Bd3 f5 21. Qc2
c5 22. Bxe4 fxe4 23. Rad1 Qf5 24. Ne3 Qf3 0-1

[Event "AUTO-OPEN-2793"]
[Site "http://www.queenalice.com/game.php?id=1177608"]
[Date "2013.5.2"]
[Round "2"]
[White "DORLISS"]
[Black "Ivanikov"]
[Result "0-1"]
[WhiteElo "1646"]
[BlackElo "1858"]

1. e4 c6 2. d4 d5 3. exd5 cxd5 4. Nf3 Bg4 5. h3 Bf5 6. Bb5+ Bd7 7. Bxd7+ Nxd7 8.
O-O g6 9. Re1 Bg7 10. Nc3 Ngf6 11. Qe2 e6 12. Qb5 Qc7 13. Nxd5 Nxd5 14. Qxd5 O-O
15. Qb3 Nb6 16. Be3 Rac8 17. Rac1 Rfd8 18. c4 Nxc4 19. Qd3 Nxb2 20. Qb3 Qb6 21.
Qxb6 axb6 22. Rxc8 Rxc8 23. Rc1 Rxc1+ 24. Bxc1 Nd3 25. Be3 Nb4 26. a4 Nd5 27.
Kf1 Nc3 28. Ne5 Bxe5 29. dxe5 Nxa4 30. Ke2 Kf8 31. Kd3 Ke7 32. f4 Nc5+ 33. Bxc5+
bxc5 34. Kc4 b6 35. g3 f6 36. Kb5 g5 37. Kc4 gxf4 38. gxf4 fxe5 39. fxe5 Kf7 40.
h4 Kg6 41. Kb5 Kf5 0-1

[Event "AUTO-ADV-2773"]
[Site "http://www.queenalice.com/game.php?id=1179657"]
[Date "2013.5.8"]
[Round "2"]
[White "bienopia"]
[Black "Ivanikov"]
[Result "0-1"]
[WhiteElo "1779"]
[BlackElo "1861"]

1. d4 d5 2. f4 Nf6 3. Nf3 Bg4 4. e3 e6 5. a3 c5 6. h3 Bf5 7. Bd3 Be4 8. Nc3 cxd4
9. Bb5+ Nc6 10. exd4 a6 11. Bd3 Bxd3 12. Qxd3 Bd6 13. Be3 O-O 14. g4 Qc7 15. Ne5
Nd7 16. O-O-O f6 17. Nf3 Bxf4 18. Kb1 b5 19. Ne2 Bxe3 20. Qxe3 Rfd8 21. Qxe6+
Kh8 22. Qxd5 Nb6 23. Qh5 Rd5 24. c3 Rxh5 25. gxh5 Re8 26. Nc1 Qg3 27. Nd2 Nc4
28. Nxc4 bxc4 29. h6 Qg6+ 30. Ka2 Qxh6 31. Ka1 Na5 32. Ka2 Re3 33. d5 Rxh3 34.
Rde1 Kg8 35. Re2 Rxh1 36. b4 Qxc1 0-1

[Event "AUTO-ADV-2773"]
[Site "http://www.queenalice.com/game.php?id=1179658"]
[Date "2013.5.8"]
[Round "2"]
[White "Ivanikov"]
[Black "bienopia"]
[Result "0-1"]
[WhiteElo "1874"]
[BlackElo "1764"]

1. Nf3 e6 2. c4 h6 3. g3 d5 4. b3 c6 5. Bg2 Bd7 6. O-O Qc7 7. Bb2 Na6 8. Ne5 Nf6
9. Nxd7 Nxd7 10. d3 f6 11. cxd5 exd5 12. Nd2 Bc5 13. Rc1 Bb6 14. e3 Nb4 15. Qg4
Nxd3 16. Qxg7 O-O-O 17. Rc2 Qd6 18. Bh3 Rhg8 19. Bxd7+ Qxd7 20. Qxd7+ Rxd7 21.
Bxf6 Rf7 22. Ba1 Kd7 23. a3 h5 24. b4 h4 25. Nb3 hxg3 26. hxg3 Nxf2 27. Rcxf2
Rxg3+ 28. Kh2 Rxf2+ 29. Rxf2 Rxe3 30. Nc5+ Ke8 31. Nxb7 Rxa3 32. Be5 Bxf2 33.
Bd6 Ra2 34. Kh3 Bb6 35. Kg4 d4 36. Bc5 Bxc5 37. Nxc5 Rf2 38. Kg3 Rf7 39. Nd3 Rf5
40. Kg4 Rf1 41. Nc5 Ke7 42. Kg3 Kd6 43. Kg2 Rf7 44. Nd3 Kd5 0-1

[Event "AUTO-ADV-2773"]
[Site "http://www.queenalice.com/game.php?id=1179659"]
[Date "2013.5.8"]
[Round "2"]
[White "Ridigroll"]
[Black "Ivanikov"]
[Result "1-0"]
[WhiteElo "2075"]
[BlackElo "1889"]

1. e4 c6 2. d4 d5 3. f3 dxe4 4. fxe4 e5 5. Nf3 exd4 6. Bc4 Bg4 7. Bxf7+ Kxf7 8.
Ne5+ Ke6 9. Qxg4+ Kxe5 10. Bf4+ Kf6 11. Qg5+ 1-0

[Event "AUTO-ADV-2773"]
[Site "http://www.queenalice.com/game.php?id=1179660"]
[Date "2013.5.8"]
[Round "2"]
[White "Ivanikov"]
[Black "Ridigroll"]
[Result "0-1"]
[WhiteElo "1880"]
[BlackElo "2084"]

1. Nf3 h6 2. g3 g5 3. d4 Bg7 4. e4 d6 5. Bg2 f5 6. Qe2 Nf6 7. exf5 Bxf5 8. Nh4
gxh4 9. Bxb7 Nbd7 10. Bxa8 Qxa8 11. O-O Bh3 12. Re1 Qg2# 0-1

[Event "AUTO-INT-2439"]
[Site "http://www.queenalice.com/game.php?id=1179800"]
[Date "2013.5.9"]
[Round "2"]
[White "nitemoves"]
[Black "Ivanikov"]
[Result "1-0"]
[WhiteElo "1999"]
[BlackElo "1862"]

1. e4 c6 2. d4 d5 3. exd5 cxd5 4. Bd3 Nf6 5. Nf3 Bg4 6. O-O e6 7. Bf4 Bd6 8. Bg3
Bxg3 9. fxg3 O-O 10. Nbd2 Nc6 11. c3 e5 12. dxe5 Nd7 13. Qe1 Qb6+ 14. Qf2 Qxb2
15. c4 Ndxe5 16. Bxh7+ Kxh7 17. Ng5+ Kg8 18. Rab1 Qxa2 19. Rxb7 f6 20. Ngf3 dxc4
21. Qc5 Bxf3 22. Nxf3 Rfc8 23. Nxe5 Nxe5 24. Qe7 1-0

[Event "AUTO-INT-2439"]
[Site "http://www.queenalice.com/game.php?id=1179801"]
[Date "2013.5.9"]
[Round "2"]
[White "Ivanikov"]
[Black "nitemoves"]
[Result "1-0"]
[WhiteElo "1855"]
[BlackElo "1810"]

1. Nf3 d5 2. c4 c6 3. cxd5 cxd5 4. g3 Bg4 5. Bg2 Nc6 6. d4 h6 7. O-O Nf6 8. Nc3
Qd7 9. Ne5 Qe6 10. Nxg4 Qxg4 11. Nxd5 Nxd5 12. Bxd5 Nxd4 13. Bxb7 Rb8 14. Qa4+
Qd7 15. Qxd7+ Kxd7 16. Rd1 Rxb7 17. Rxd4+ Kc8 18. b3 e5 19. Rd5 f6 20. Bb2 Rd7
21. Rc1+ Kd8 22. Rcd1 Rxd5 23. Rxd5+ Kc7 24. e4 Bd6 25. a4 Rb8 26. Rd3 Bb4 27.
Bc3 a5 28. f3 Kc6 29. Kf1 Rb7 30. Ke2 Rd7 31. Rxd7 1-0

[Event "mesa 43"]
[Site "http://www.queenalice.com/game.php?id=1184864"]
[Date "2013.5.26"]
[Round "-"]
[White "Herbert_Paulo"]
[Black "Ivanikov"]
[Result "1-0"]
[WhiteElo "1931"]
[BlackElo "1875"]

1. e4 c6 2. d4 d5 3. exd5 cxd5 4. Nf3 Bf5 5. Be2 Nf6 6. O-O e6 7. c3 Bd6 8. Bg5
O-O 9. Ne5 Nbd7 10. f4 Qb6 11. b3 Ne4 12. Nxd7 1-0